000 00459nam a2200181Ia 4500
001 24588
005 20260414151053.0
008 260414t2016||||xx |||||||||||||| ||spa||
041 _aESP
082 _a345.721
_bB141 V. 35
100 _aCastillo Freyre, Mario
_eAUT
245 0 _aArbitraje :
_bentre el derecho civil y el arbitraje
260 _c2016
300 _a659 páginas :
_c24 cm.
650 _aDER
654 _aCDE
942 _cLIB
_dJUS
_fJUS
_2ddc
_n
999 _c24588
_d24588